02353nam a2200289Ia 4500003000500000005001700005008004100022020003000063040002300093082002100116100002400137245006900161250001900230260007400249300004900323504006700372520093100439521001001370651001701380654019401397690001401591700017801605942004701783999001901830952009401849952012001943322820250226085619.0210817s9999 xx 000 0 und d a9781920 099213qPaperback aRDAbENGLISHc3228 a331.1330968 JACK a Jack, Vuyo9110445 0aBroad-based BEE: the complete guidecVuyo Jack with Kyle Harris. aFirst edition. aNorthcliff, South Africa :bFrontrunner Publishing (Pty) Ltd, c2007. axv, 510 pages bcolour illustrations:c24 cm aIncludes bibliographical references (pages 494-497) and index. aSummary: In this guidebook, Vuyo Jack combines legislative summary, accounting detail and historical context. He analyzes South Africa's numerous Codes of Good Practice (and their subsidiary statements) enacted to promote black business empowerment and explains them in considerable detail. He provides context for understanding the Black Economic Empowerment codes and sample scorecards for various aspects of compliance. Yet this straightforward, accounting-manual treatment of the codes is frequently interrupted by his personal opinions, judgments or remembrances. The author becomes an advocate for a viewpoint rather than a dispassionate reporter on the contents of the code. Readers who are accustomed to more hands-off reporting may wonder whether Jack's advocacy compromises or shades his approach to the bare facts. Nevertheless, get Abstract recommends his thorough explanation to companies working in South Africa. aAdult aSouth Africa 2Affirmative action programs Black people—Economic conditions Business enterprises, Black Business enterprises—Law and legislation Economic policy Employee empowerment South Africa 2166140922 aKyle Harris, Aida Thorne, Jeannie van den Heever, Rene de Wet, Lebone Publishing Services, Cape Town, Paarl Print, Oosterland Street, Daljosafat, Paarl, South Africa9191473 cBOOK2ddcy12663zPriscilla Nozizwe Mogale c309115d309114 00104070aMBOMLbMBOMLd2021-08-19g68.00l0p3322810094956r2021-08-19w2021-08-19yBK 00102ddc40708300aMKHULbMKHULcNon_Fictiond2025-01-22g260.00o331.1330968 JACKr2025-01-22w2025-01-22yBOOK